| 000 | 00776nam a2200229Ia 4500 | ||
|---|---|---|---|
| 003 | OSt | ||
| 005 | 20240523120428.0 | ||
| 008 | 210716s2013 xx 000 0 und d | ||
| 020 | _a9789351342625 | ||
| 040 | _cAIMIT LIBRARY | ||
| 041 | _aeng | ||
| 082 |
_a374.22 _21 _bPACB |
||
| 100 |
_aPrachter, Barbara. _9167026 |
||
| 245 |
_aEssentials of business etiquette : _bhow to greet eat and tweet your way to success / _cBy Barbara Pachter. |
||
| 250 | _a1st ed. | ||
| 260 |
_aNew Delhi : _bTata McGraw Hill Publishing Company Ltd , _c2013. |
||
| 300 |
_axiii,240p. ; _bPB _c22.6 cm |
||
| 650 |
_aImpressive introductions _9167027 |
||
| 650 |
_aSorry, mom: do talk to strangers _9167028 |
||
| 650 |
_aGo ahed- meet new people _9167029 |
||
| 942 |
_2ddc _cBK _e1st _k374.22 PACB |
||
| 999 |
_c209356 _d209356 |
||